000 00431nam a22001337a 4500
082 _a622
_bKAN
100 _aLieutenant Colonel Muhammad Sherbaz Khan, Kanwar
_942545
245 _aA review of manual minelaying
_cLieutenant Colonel Kanwar Muhammad Sherbaz Khan
260 _aSialkot, Pakistan
_b2 Engineer Battalian
_c1989
300 _a17.p:
526 _a0
_b0
_c0
_d622_000000000000000_KAN
650 _aMCE
_9379
942 _2ddc
_cBK
999 _c546425
_d546425